Cuentos de la Malá Strana
Saved in:
| Main Author: | |
|---|---|
| Format: | Book |
| Language: | Spanish |
| Published: |
La Habana, Cuba
Ediciones Huracán
1972
|
| Subjects: | |
| Tags: |
Add Tag
No Tags, Be the first to tag this record!
|
MARC
| LEADER | 00000nam a2200000Ia 4500 | ||
|---|---|---|---|
| 008 | 170316s9999 xx 000 0 spa d | ||
| 040 | |a cru BVZT | ||
| 090 | |a 800-CH N-1c | ||
| 100 | |a Neruda, Jan | ||
| 245 | |a Cuentos de la Malá Strana |c Jan Neruda | ||
| 260 | |a La Habana, Cuba | ||
| 260 | |b Ediciones Huracán | ||
| 260 | |c 1972 | ||
| 300 | |a 238 páginas | ||
| 650 | |a LITERATURA CHECA | ||
| 650 | |a EN IDIOMA ESPAÑOL | ||
| 650 | |a CUENTOS | ||
| 999 | |c 8998 |d 8998 | ||
| 942 | |c 4 D |h 800-CH N-1c |2 z | ||
